Gemeinsame Vornamen - Statistiken

Allgemein
  • Dieses Quiz wurde 305 mal gespielt
  • Das Durchschnittsergebnis liegt bei 13 aus 18
Antwortstatistiken
Nachnamen Gemeinsamer Vorname % Korrekt
Wegener, Hitchcock, Biolek Alfred
100%
Rehlinger, Huber, Engelke Anke
100%
Schuster, Eichinger, das Brot* Bernd
100%
Garbo, Gerwig, Thunberg Greta
100%
Albers, Zimmer, im Glück* Hans
100%
Kabel, Reichinnek, Klum Heidi
100%
Berger, Schmidt, Kohl Helmut
100%
van Eyck, Böhmermann, Josef Liefers Jan
100%
Strauss, Lafer, Sebastian Bach Johann
100%
Lennon, Wayne, F. Kennedy John
100%
Costner, Kühnert, Kuranyi Kevin
100%
Erhard, van Beethoven, Thoma Ludwig
100%
Podolski, Dauser, der Lokomotivführer* Lukas
100%
Luther, Luther King, Heidegger Martin
100%
Planck, Verstappen, Giermann Max
100%
Ende, Schumacher, Jackson Michael
100%
Frahm, Petersen, Holgersson* Nils
100%
Kahn, Kalkofe, Hardy Oliver
100%
Waalkes, Rehhagel, Lilienthal Otto
100%
Klee, Bocuse, McCartney Paul
100%
Kirchberger, Zietlow, von Norwegen Sonja
100%
Heuss, Adorno, Fontane Theodor
100%
von Däniken, Honecker, Kästner Erich
96%
Hagen, Chuba, Simone Nina
96%
Williams, Schulz, Hood* Robin
96%
Vettel, Fitzek, Kneipp Sebastian
96%
Cassel, Kompany, van Gogh Vincent
96%
Camus, Einstein, Schweitzer Albert
95%
Trapattoni, di Lorenzo, Zarrella Giovanni
95%
Klopp, Trittin, von der Lippe Jürgen
95%
Zuse, Duden, Adenauer Konrad
95%
Bendzko, Burton, Mälzer Tim
95%
Lagerfeld, Marx, der Große Karl
94%
Branigan, Dahlmeier, Wontorra Laura
94%
Beckstein, Oettinger, Jauch Günther
93%
Jentsch, Klöckner, Roberts Julia
93%
Wiesinger, Pflaume, Havertz Kai
93%
Schweighöfer, Sammer, Brandt Matthias
93%
Scholz, Schubert, Thon Olaf
93%
Zacher, Zuckowski, Töpperwien Rolf
93%
Lattek, Jürgens, Lindenberg Udo
93%
Nietzsche, Schiller, der Große Friedrich
92%
Gysi, Mendel, Kobel Gregor
92%
Grant, Jackman, Laurie Hugh
92%
Lanz, Babbel, Söder Markus
92%
Zweig, Raab, Effenberg Stefan
92%
Andress, Engelen-Kefer, von der Leyen Ursula
92%
Salesch, Schöneberger, Valentin Barbara
91%
Mayer-Vorfelder, Delling, Schröder Gerhard
91%
Gauck, Löw, Ringelnatz Joachim
91%
Andrack, Neuer, Noriega Manuel
90%
Maffay, Lustig, Sellers Peter
90%
Goscinny, Adler, Descartes René
90%
Gerrard, Gätjen, Spielberg Steven
90%
Mann, Müller, Edison Thomas
90%
Winkler, Merkel, Lansbury Angela
89%
Bale, Streich, Lindner Christian
89%
Lincoln, Stoker, Simpson* Abraham
88%
Franklin, Netanjahu, Blümchen* Benjamin
88%
Cosby, Clinton, Kaulitz Bill
88%
Aniston, Lawrence, Rostock* Jennifer
88%
Tucholsky, Cobain, Wallander* Kurt
88%
Matthäus, de Maizière, Späth Lothar
88%
Reagan, Pofalla, McDonald* Ronald
88%
Maischberger, Bullock, Oh Sandra
88%
Connor, Wiener, Jessica Parker Sarah
88%
Hamilton, von Humboldt, Zverev Alexander
87%
Will, Frank, Boleyn Anne
87%
Uphoff, Kidman, Scherzinger Nicole
87%
Brüderle, Bonhof, Maria Rilke Rainer
87%
Schäuble, Joop, Amadeus Mozart Wolfgang
87%
Lindgren, Kirchherr, Kumbernuss Astrid
86%
de Gaulle, Aznavour, Bronson Charles
86%
Daum, Kolumbus, Maria Herbst Christoph
86%
Buschmann, Elstner, Sinatra Frank
86%
Astaire, Feuerstein*, vom Jupiter* Fred
86%
Schmidt, Juhnke, Glööckler Harald
86%
Faithfull, Sägebrecht, Rosenberg Marianne
86%
Pistorius, Jelzin, Becker Boris
85%
Grönemeyer, Feuerstein, von Karajan Herbert
85%
Koch, Schumann, de Niro Robert
85%
Pechstein, Schiffer, Roth Claudia
84%
Fonda, Ford, Maske Henry
84%
Kehlmann, Hartwich, Craig Daniel
83%
Degas, Allan Poe, Wallace Edgar
83%
Harloff, Hambüchen, Hürzeler Fabian
83%
Lichter, Schlämmer*, Seehofer Horst
83%
Lahm, Rösler, Scheidemann Philipp
83%
Federer, Taylor, Willemsen Roger
83%
Buchwald, Knopp, Westerwelle Guido
82%
Gallagher, Neeson, Payne Liam
82%
Elliman, Willicks, Catterfeld Yvonne
82%
Boss, Chavez, Egon Balder Hugo
81%
Luxemburg, Parks, von Praunheim Rosa
81%
Köpke, Baader, Bovenschulte Andreas
80%
Longoria, Mendes, Padberg Eva
80%
Truman, Styles, Wijnvoord Harry
80%
Drechsler, Henkel, Makatsch Heike
80%
Kinski, Augenthaler, Störtebeker Klaus
80%
Lieberknecht, Frings, Sträter Torsten
80%
Mendelssohn Bartholdy, Magath, Lobrecht Felix
79%
Giffey, Knuppe, van Almsick Franziska
79%
Ochsenknecht, Bein, Gensheimer Uwe
79%
Illgner, Ramelow, Bach* Bodo
78%
Haydn, Beuys, von Eichendorff Joseph
78%
Burdecki, Hamann, Waugh Evelyn
77%
Emmerich, Kaiser, Garros Roland
77%
Jancker, Maschmeyer, Spengemann Carsten
75%
Böll, Heine, von Kleist Heinrich
75%
Bauerfeind, Göring-Eckardt, Müller-Hohenstein Katrin
75%
Mahomes, Swayze, Lindner Patrick
75%
Polo, Reus, van Basten Marco
74%
Hesse, Gerland, der Cherusker Hermann
73%
Pilawa, Hartmann, Dahlmann Jörg
73%
Wackernagel, Thalbach, die Große Katharina
73%
Lemnitz, Halmich, Spektor Regina
73%
Armstrong, de Funès, van Gaal Louis
72%
Sandler, Driver, Opel Adam
71%
Neldel, Burke, Popp Alexandra
69%
Applegate, Ricci, Stürmer Christina
69%
Fitz, Kudrow, Simpson* Lisa
69%
Zamperoni, Lenßen, Appelt Ingo
68%
Hector, Kaufmann, Jonasson Jonas
68%
Reif, Proust, Reich-Ranicki Marcel
68%
Hoëcker, Vogel, Schlink Bernhard
67%
Williams, Rakers, Holofernes Judith
67%
Moeller, Rangnick, Stegner Ralf
67%
Regener, Hannawald, Martinek Sven
65%
Honecker, Käßmann, Robbie Margot
64%
Moers, Gropius, Scheel Walter
63%
Delon, Giresse, Prost Alain
62%
Hackl, Büchner, Friedrich Händel Georg
62%
Rühmann, Strunk, Rudolf Kunze Heinz
62%
Ulrich, von Trier, Stindl Lars
61%
Schopenhauer, Schnitzler, Miller Arthur
60%
Berry, Lorre, Norris Chuck
60%
Ben-Gurion, Bowie, Kross David
60%
von Richthofen, Burgsmüller, Krug Manfred
60%
Strauss, Nixon, von Weizsäcker Richard
60%
Pegg, Terodde, Bolivar Simon
60%
Kleinschmidt, Ditfurth, Speidel Jutta
59%
Colman, Rodrigo, Newton-John Olivia
59%
Bruckner, Tschechow, Hofreiter Anton
58%
Watson, Stone, Bovary* Emma
58%
George, Otto, von Berlichingen Götz
58%
Callas, Höfl-Riesch, Schell Maria
57%
Carpenter, Setlur, Spellman* Sabrina
57%
Prinz, Fischer, Schrowange Birgit
56%
Elsner, Hoger, Kohl Hannelore
56%
Black, Präger, Orbison Roy
56%
Schuhbeck, der Viertel-vor-Zwölfte*, Zitterbacke* Alfons
55%
Bebel, Diehl, Wittgenstein August
55%
Turing, Greenspan, Rickman Alan
54%
Basinger, Wilde, Frank Kim
54%
Mira, Nielsen, Zypries Brigitte
53%
Klimt, Holst, Heinemann Gustav
53%
Carrey, Morrison, Parsons Jim
53%
Bellucci, Bleibtreu, Seles Monica
53%
Reagan, Sinatra, Faeser Nancy
53%
Krüss. Last, Hetfield James
52%
Daubner, Uhlen, Fröhlich Susanne
52%
Tukur, Mühe, Wickert Ulrich
52%
von Arnim, Mentzel, Reichel Achim
50%
Froboess, Funke, Poletto Cornelia
50%
Ross, Krall, Amft Diana
50%
Mankell, Baum, May Henning
50%
Badstuber, Speckhahn, Rune Holger
50%
Bergman, van Bergen, Steeger Ingrid
50%
Reno, Pütz, Sibelius Jean
50%
Jeremies, Böhrnsen, Weißflog Jens
50%
Kokoschka, Lafontaine, Matzerath* Oskar
50%
Herzog, Polański, Reigns Roman
50%
Solbach, Polke, Gabriel Sigmar
50%
Busch, Conrad Röntgen, Liebknecht Wilhelm
50%
Freitag, Ulvaeus, Borg Björn
47%
Hamm-Brücher, Knef, von Bingen Hildegard
47%
Ebstein, Riemann, Seizinger Katja
47%
Bas, Höhn, Schäfer Bärbel
45%
Barlow, Oldman, Lineker Gary
44%
Tolstoi, Trotzki, Neugebauer Leo
44%
Herzog, Lorant, von Siemens Werner
44%
von Schirach, Porsche, von Zeppelin Ferdinand
43%
Augstein, Fugger, Grimm Jakob
43%
von Liebig, von Dohnányi, Jonas* Justus
42%
Gerster, Pau, Kvitová Petra
42%
Gainsbourg, Roche, Brontë Charlotte
40%
Röttgen, Lammert, Blüm Norbert
40%
von Arnim, Wulff, Tietjen Bettina
38%
Lagarde, Nöstlinger, Westermann Christine
38%
Büdenbender, Sommer, Heidenreich Elke
37%
Ensslin, Pausewang, Landgrebe Gudrun
35%
Schmidt, Stecher, Künast Renate
33%
Postel, Christiansen, Leutheusser-Schnarrenberger Sabine
33%
Schröder, Hopper, Bergkamp Dennis
32%
Geyer, Henckel von Donnersmarck, David Fitz Florian
31%
Dohm, Köster, Glockner* Gaby
31%
Gerat, Wagner, Tabatabai Jasmin
31%
Day, Dörrie, Lessing Doris
30%
Meyfarth, Kriener, Folkerts Ulrike
30%
Lobo, Draeger, Hehn Sascha
29%
Schlager, Schwarzenberger, Unsinn Xaver
29%
Bahr, Schiele, Olsen* Egon
27%
Zátopek, Nolde, Steinberger Emil
26%
Augstein, Diesel, Steiner Rudolf
25%
Link, Peters, von Hannover und Monaco Caroline
21%
Schneeberger, Fritsch, Friedrichsen Gisela
17%
Kling, Kruse, Reschke Anja
16%
Copland, Hunt, Taylor-Johnson Aaron
13%
De Palma, Wilson, Austin-Green Brian
0%
Keine übereinstimmenden Quizze gefunden
Verteilung der Resultate
Anzahl Personen mit jedem Resultat
Perzentil nach korrekt beantworteten Fragen
Ihre Resultats-Entwicklung
Sie haben dieses Quiz noch nicht gespielt